Game of thrones - Statistiques

Statistiques générales
  • Ce quiz a été pris 422 fois
  • Le résultat moyen est 8 sur 15
Statistiques - réponses
Question Réponse % Correct
Avec des hommes de quelles maisons les sœurs Tully, Catelyn et Lysa se sont-elles mariées ? Stark et Arryn
99%
Quel loup géant est encore vivant à la fin de la série ? Fantôme
92%
Quelle chanson est jouée lors des noces pourpres ? Les pluies de Castamere.
84%
Quelle affirmation est fausse ? Petyr Baelish est l’oncle de Robin Arryn.
79%
Lequel n’existe pas ? Bealor Greyjoy
66%
Parmi les suivantes, quelle maison n’est pas éteinte à la fin de la série ? Baratheon
61%
Quel personnage ne fait pas partie de la liste d’Arya ? Jaime Lannister
55%
Quel poison a tué Joffrey Barathéon lors de son mariage ? L’étrangleur.
50%
Qui ne fait pas partie de la Chasse au Spectre, expédition menée par Jon Snow au-delà du Mur pour ramener un spectre à Cersei ? Davos Mervault
49%
Géographiquement, où se situe la maison Tully sur la carte ? Au centre, entre les Stark, les Lannister et les Arryn.
46%
Laquelle des épées suivantes n’a jamais été à Joffrey Barathéon ? Noire sœur
41%
Qui a dit : « Il n’y a qu’un seul enfer ... celui où nous vivons. » Melisandre.
29%
Quel TITRE n’a pas Daenerys Targaryen ? (Attention c’est TITRE et pas surnom) Daenerys du Typhon
24%
Quel lieu n’est pas un siège d’une grande maison ? Dorne
22%
Laquelle de ces phrases n’est pas une devise de maison Ce qui est mort ne saurait mourir.
20%
Aucun quiz correspondant
Distribution des résultats
% des personnes avec chaque résultat
Percentile par nombre de réponses
Votre historique - résultats
Vous n’avez pas pris ce quiz